Základné všeobecné východiská, príčiny a problémy fenoménu kríza

Všeobecná charakteristika krízy ako takej, uvedenie typológie kríz a pohľad na najvýznamnejšie krízy vo svete. Vznik krízy ako reálne sa vyskytujúceho javu, ktorý negatívne ovplyvňuje vývoj ľudstva.

Salvato in:
Dettagli Bibliografici
Autore principale: Tokárová, Mária
Natura: Capitolo di libro
Lingua:slovacco
Soggetti:
Tags: Aggiungi Tag
Nessun Tag, puoi essere il primo ad aggiungerne!!

MARC

LEADER 00000nla a2200000 4500
001 0167878
005 20240502072928.0
041 0 |a slo 
044 |a SK 
245 1 0 |a Základné všeobecné východiská, príčiny a problémy fenoménu kríza  |c Mária Tokárová 
520 |a Všeobecná charakteristika krízy ako takej, uvedenie typológie kríz a pohľad na najvýznamnejšie krízy vo svete. Vznik krízy ako reálne sa vyskytujúceho javu, ktorý negatívne ovplyvňuje vývoj ľudstva. 
610 2 0 |a kríza 
610 2 0 |a kríza hospodárska 
610 2 0 |a pohyb cyklický hospodárstva 
610 2 0 |a proces reprodukčný 
610 2 0 |a stagnácia 
610 2 0 |a šoky hospodárske 
610 2 0 |a teória kríz 
100 1 |a Tokárová, Mária